[Event "Dortmund Sparkassen op-B 47th"]
[Site "Dortmund"]
[Date "2019.07.13"]
[Round "1"]
[White "Krolik, Wilfried"]
[Black "Schmidt, Sebastian"]
[Result "0-1"]
[WhiteElo "1558"]
[BlackElo "1769"]
[PlyCount "110"]
[EventDate "2019.07.13"]
[EventType "swiss"]
[EventRounds "9"]
[EventCountry "GER"]
[SourceTitle "CBM 192 Extra"]
[Source "Chessbase"]
[SourceDate "2019.11.06"]
[SourceVersion "1"]
[SourceVersionDate "2019.11.06"]
[SourceQuality "1"]

1. d4 Nf6 2. c4 e6 3. Nc3 Bb4 4. a3 Bxc3+ 5. bxc3 b6 6. Nf3 Bb7 7. e3 0-0 8. Be2 Nc6 9. 0-0 Na5 10. Rb1 Ne4 11. Qc2 Nd6 12. Nd2 Ba6 13. Qa4 Ndb7 14. Re1 c5 15. Bf3 Rc8 16. d5 e5 17. Be2 Nd6 18. e4 Rc7 19. f3 f5 20. exf5 Nxf5 21. Bd3 d6 22. Qc2 g6 23. Re4 Rcf7 24. Nf1 Bc8 25. Qf2 Ne7 26. Bh6 Re8 27. Ne3 Nf5 28. Ng4 Ne7 29. Ne3 Kh8 30. Bg5 Bf5 31. Nxf5 gxf5 32. Rh4 Qd7 33. Qc2 Rg7 34. Bf6 Kg8 35. Bxg7 Kxg7 36. Qd2 Ng6 37. Qh6+ Kg8 38. Qg5 Qg7 39. Rh5 Nf4 40. Qxg7+ Kxg7 41. Rxf5 Nxd3 42. g3 Nxc4 43. Rg5+ Kh6 44. Rg4 Ne3 45. Rh4+ Kg6 46. c4 Nf5 47. Rg4+ Kf6 48. Rb3 Nc1 49. Rb2 Nd4 50. Kg2 Nd3 51. Rd2 Ne1+ 52. Kf1 Nexf3 53. Rf2 e4 54. Rf4+ Kg7 55. Kg2 e3 0-1

[Event "Ruhrgebiet Verbandsklasse Gruppe 1 1718"]
[Site "Germany"]
[Date "2018.01.14"]
[Round "5.8"]
[White "Schlee, Ulrich"]
[Black "Krolik, Wilfried"]
[Result "1-0"]
[WhiteElo "1694"]
[BlackElo "1500"]
[PlyCount "101"]
[EventDate "2017.09.17"]
[EventType "team-tourn"]
[EventRounds "9"]
[EventCountry "GER"]
[SourceTitle "EXT 2022"]
[Source "ChessBase"]
[SourceDate "2021.10.06"]
[SourceVersion "1"]
[SourceVersionDate "2021.10.06"]
[SourceQuality "1"]
[WhiteTeam "Wattenscheid SV III"]
[BlackTeam "Waltrop SV"]
[WhiteTeamCountry "GER"]
[BlackTeamCountry "GER"]

1. e4 c5 2. Nc3 Nc6 3. Bb5 d6 4. Bxc6+ bxc6 5. f4 e6 6. Nf3 Ne7 7. 0-0 g6 8. d3 Bg7 9. Qe1 0-0 10. Kh1 Ba6 11. Bd2 Rb8 12. Rb1 d5 13. Qh4 f6 14. Qh3 Bc8 15. Qg3 Qc7 16. Qf2 d4 17. Ne2 a5 18. Ng3 a4 19. f5 exf5 20. exf5 Nd5 21. fxg6 hxg6 22. Ne4 Rb5 23. c4 dxc3 24. Nxc3 Nxc3 25. Bxc3 Bf5 26. Rbd1 Qd6 27. Nh4 Bxd3 28. Nxg6 Re8 29. Bxf6 Bxf6 30. Rxd3 Qe6 31. Rg3 Bg7 32. Nf4 Qf7 33. Qf3 Rb4 34. Nh5 Qxf3 35. Rxg7+ Kh8 36. gxf3 Re5 37. Rc7 Rxh5 38. Re1 Rb8 39. Ree7 Rh6 40. Re4 Ra8 41. Kg2 Rg6+ 42. Rg4 Rh6 43. Kg3 a3 44. b3 Rf8 45. Ra7 Rhf6 46. f4 Rd8 47. Rh4+ Kg8 48. Rxa3 Rg6+ 49. Rg4 Rd3+ 50. Kh4 Kh7 51. Ra7+ 1-0

[Event "Ruhrgebiet Verbandsklasse Gruppe 1 1415"]
[Site "Germany"]
[Date "2015.03.29"]
[Round "8.8"]
[White "Krolik, Wilfried"]
[Black "Schmidt, Christian"]
[Result "1/2-1/2"]
[WhiteElo "1528"]
[BlackElo "1688"]
[PlyCount "107"]
[EventDate "2014.09.21"]
[EventType "team-tourn"]
[EventRounds "9"]
[EventCountry "GER"]
[SourceTitle "EXT 2022"]
[Source "ChessBase"]
[SourceDate "2021.10.06"]
[SourceVersion "1"]
[SourceVersionDate "2021.10.06"]
[SourceQuality "1"]
[WhiteTeam "Waltrop SV"]
[BlackTeam "Hervest Dorsten"]
[WhiteTeamCountry "GER"]
[BlackTeamCountry "GER"]

1. d4 Nf6 2. c4 c5 3. e3 cxd4 4. exd4 d5 5. Nc3 Nc6 6. Nf3 g6 7. Be2 Bg7 8. 0-0 Be6 9. c5 0-0 10. h3 h6 11. Be3 b6 12. Ne5 Nxe5 13. dxe5 Nd7 14. cxb6 Nxb6 15. Bd4 Nc4 16. Bxc4 dxc4 17. f4 Qa5 18. Qa4 Qc7 19. Rad1 Qb7 20. Qb5 Rab8 21. Qxb7 Rxb7 22. Rf2 Rd8 23. Rfd2 Rbd7 24. Be3 Rxd2 25. Rxd2 Rxd2 26. Bxd2 f6 27. exf6 Bxf6 28. Kf2 Kg7 29. Kf3 Bd7 30. Be3 a6 31. g4 Bc6+ 32. Kg3 e6 33. h4 Kf7 34. g5 hxg5 35. hxg5 Bg7 36. Kf2 e5 37. fxe5 Bxe5 38. Bc5 Ke6 39. Ke3 Kf5 40. Be7 Ke6 41. Bc5 Kf5 42. Be7 Bf4+ 43. Kd4 Bxg5 44. Bxg5 Kxg5 45. Kxc4 Kf5 46. Kd4 Kf4 47. a4 Kf3 48. b4 g5 49. b5 axb5 50. axb5 Bb7 51. Nd1 g4 52. Ne3 g3 53. Nf5 g2 54. Nh4+ 1/2-1/2